000 01047nam a2200277 a 4500
001 33620
003 BD-RjUL
005 20211209052032.0
008 140510r19671958enk b 001 0 eng c
035 _a(BD-RjUL)33711
_a58-03472
040 _aWisconsin. Univ. Libr
_cITD
_dBD-RjUL
_beng
041 _aeng
082 _a301
_bSTS 1967
100 1 _aStark, Werner
_d1909-1985.
_9102057
245 1 4 _aThe sociology of knowledge :
_ban essay in aid of a deeper understanding of the history of ideas /
_cW. Stark.
260 _aLondon :
_bRoutledge & Kegan Paul,
_c1958 [Impression 1967].
300 _axi, 356 p. ;
_c22 cm.
490 1 _aInternational library of sociology and social reconstruction / Routledge & Kegan Paul
504 _aIncludes bibliographical footnotes and index.
650 0 _aSociology.
_9102058
650 0 _aKnowledge, Theory of.
_9102059
830 0 _aInternational library of sociology and social reconstruction (Routledge & Kegan Paul)
_9102064
942 _2ddc
_cBK
999 _c33620
_d33620